Planning gain supplement - the new consultation (Record no. 76984)

MARC details
000 -LEADER
fixed length control field 00888cab a2200193 4500
001 - CONTROL NUMBER
control field ##L133404
008 - FIXED-LENGTH DATA ELEMENTS--GENERAL INFORMATION
fixed length control field 060505n2005 000 0 eng u
035 ## - SYSTEM CONTROL NUMBER
System control number (Sirsi) u133404
041 0# - LANGUAGE CODE
Language code of text/sound track or separate title eng
100 1# - MAIN ENTRY--PERSONAL NAME
Personal name Heighton, Mark
245 00 - TITLE STATEMENT
Title Planning gain supplement - the new consultation
260 ## - PUBLICATION, DISTRIBUTION, ETC.
Date of publication, distribution, etc. 2005
490 #0 - SERIES STATEMENT
Series statement RICS Website News
Volume/sequential designation 16 December 2005
520 ## - SUMMARY, ETC.
Summary, etc. Following the publication of the government consultation paper relating to the Planning Gain Supplement (PGS) (L132415) this article outlines the main features of PGS and highlights some of the issues that the industry ought to consider.
650 24 - SUBJECT ADDED ENTRY--TOPICAL TERM
Topical term or geographic name entry element PLANNING GAIN SUPPLEMENT
690 ## - LOCAL SUBJECT ADDED ENTRY--TOPICAL TERM (OCLC, RLIN)
Topical term or geographic name as entry element ENVIRONMENTAL AND LAND CONSULTANCY-PLANNING AND DEVELOPMENT-PLANNING REFORM
856 40 - ELECTRONIC LOCATION AND ACCESS
Uniform Resource Identifier <a href="https://www.rics.org/RICSWEB/getpage.aspx?p=Pi-Nf-tnEUyoK8ZpHlRXhw ">https://www.rics.org/RICSWEB/getpage.aspx?p=Pi-Nf-tnEUyoK8ZpHlRXhw </a>
Public note View the item free of charge at www.rics.org...
942 ## - ADDED ENTRY ELEMENTS (KOHA)
Suppress in OPAC 0
Holdings
Withdrawn status Lost status Source of classification or shelving scheme Damaged status Not for loan Home library Current library Shelving location Date acquired Total Checkouts Full call number Barcode Date last seen Copy number Price effective from Koha item type
    Dewey Decimal Classification     Virtual Virtual Online 05/05/2006   ONLINE PUBLICATION 133404-2001 06/08/2019 1 06/08/2019 Journal article